EL CONOCIMIENTO DE DIOS EN LA FILOSOFIA DE GUILLERMO RUBIO

Salvato in:
Dettagli Bibliografici
Autore principale: Rubert Candau, José María (autor)
Natura: Libro
Tags: Aggiungi Tag
Nessun Tag, puoi essere il primo ad aggiungerne!!

MARC

LEADER 00000nam^a2200000^a^4500
001 000211938
005 20250521000000.0
009 20260310103440.316
035 |a 016497 
037 |a Acervo Xavier Clavigero 
082 |a 188. 5  |b RUB 
100 |a Rubert Candau, José María  |e (autor) 
245 1 3 |a EL CONOCIMIENTO DE DIOS EN LA FILOSOFIA DE GUILLERMO RUBIO 
264 |a MADRID :  |b DESCONOCIDA 
336 |a texto  |b txt  |2 rdacontenido 
337 |a sin mediación  |b n  |2 rdamedio 
338 |a volumen  |b nc  |2 rdasoporte 
649 |a XX 
910 |a Fondo General 
920 |a Impresos - Libros 
930 |a Colección General 
905 |a 101 
901 |a 016497  |b IT1  |c ACC  |i 016497  |u 20250521 
902 |a https://opac.biblio.iteso.mx/vufind/Record/000211938